| 000 | 00594nam a2200241 a 4500 | ||
|---|---|---|---|
| 001 | nice12345678 | ||
| 003 | IN_TiNIC | ||
| 005 | 20260116013730.0 | ||
| 008 | 050524s1998 dela grp 000 0 eng | ||
| 020 |
_a0670712 _c395 |
||
| 082 | 0 | 0 |
_a954 _bABD |
| 100 | _aAbdul Kalam, A P J | ||
| 245 |
_aIndia 2020 _b a Vision for the New Millennium |
||
| 260 |
_aDelhi _bPenguin Books _c1998 |
||
| 300 | _a312p | ||
| 500 | _aincludes index and biblioraphy | ||
| 505 | 2 | _aIndex | |
| 650 | _aIndia | ||
| 700 | 1 | _aAbdul Kalam, A P J | |
| 902 | _bSRS | ||
| 942 | _cBK | ||
| 999 |
_c12213 _d12213 |
||